000 00782nam a22002297a 4500
005 20131226144052.0
010 _aENG-108820
020 _a9780198089711
_c1795.00
020 _a0198089716
_c1795.00
035 _aEN-92353
037 _bDBAD/PUB
082 _a709.54
100 _aMitter, Partha
245 _aMuch maligned monsters :
_cby Partha Mitter
_ba history of European reactions to Indian art /
260 _aNew Delhi
_bOxford University Press
_c2013
270 _aYMCA Library Builbing, 1 Jai Singh Road
_bNew Delhi
_e110001
300 _axlvi,390p. :
_c25cm(Hb)
_bill.
500 _aIncludes bibliographical references and index
650 _aArt, Indic
_xPublic opinion.
650 _aPublic opinion
_z Europe.
942 _2ddc
_cEN
_mMIT
_h709.54
999 _c81316
_d81316